| 000 | | | 06003cbc2a2200000#x 450 |
| 001 | | | ba698018-42e0-4a44-9985-b4ec00d6b890 |
| 005 | | | 20180813103515.0 |
| 100 | ## | $a | 20150820l18411841k l0rusy0189 ca |
| 101 | 0# | $a | rus |
| 102 | ## | $a | RU |
| 200 | 1# | $a | Дело о временном разрешении принимать в студенческую больницу Московской медико-хирургической академии больных студентов волонтеров |
| | $j | 20 - 27 февраля 1841 года |
| 251 | ## | $c | Дело |
| 300 | ## | $a | Рукописный текст. Чернила |
| 300 | ## | $a | Оригинальный заголовок дела: Дело по представлению правления Московской медико-хирургической академии о принятии в виде временной меры волонтеров сей академии, подвергающихся болезни, для пользования в казенную студенческую больницу. 20 - 27 февраля 1841 г. |
| 801 | #0 | $a | RU |
| | $b | РГИА |
| | $c | 20150820 |
| 801 | #1 | $a | RU |
| | $b | ГлавНИВЦ |
| | $c | 20150820 |
| | $2 | rusmarc |
| 801 | #2 | $a | RU |
| | $b | ПБ им. Б.Н. Ельцина |
| | $c | 20151215 |
| | $g | RCR |
| | $2 | rusmarc |
| 850 | ## | $a | Федеральное казенное учреждение "Российский государственный исторический архив" (РГИА) |
| 852 | ## | $a | РГИА |
| | $j | 394 |
| 937 | ## | $h | РГИА |
| | $d | 12092209 |
| | $a | ASBIBLIO_SCAN |
| 462 | #0 | $1 | 00110dcdccd-ec79-4ee8-a204-b9d031b41c04 |
| | $1 | 2001 |
| | $a | Медицинские дела Департамента народного просвещения |
| | $v | Д. 394 |
| | $1 | 251 |
| | $c | Опись |
| | $1 | 852 |
| | $j | 99 |
| 461 | #0 | $1 | 001a74412a3-3cc5-4d21-8f0a-dfe2fbd9e72d |
| | $1 | 2001 |
| | $a | Департамент народного просвещения Министерства народного просвещения |
| | $1 | 251 |
| | $c | Фонд |
| | $1 | 852 |
| | $j | 733 |
| 215 | ## | $a | 7 листов |
| | $d | 36,5х26 см |
| 371 | ## | $a | Документ не является опубликованным и широко распространяемым |
| 105 | ## | $a | y### |
| 122 | 2# | $a | d18470220## |
| | $a | d18410227## |
| 517 | 1# | $a | Дело по представлению правления Московской медико-хирургической академии о принятии в виде временной меры волонтеров сей академии, подвергающихся болезни, для пользования в казенную студенческую больницу |
| | $e | 20 - 27 февраля 1841 г. |
| 035 | ## | $a | ba698018-42e0-4a44-9985-b4ec00d6b890 |
| 601 | 02 | $a | Медико-хирургическая академия |
| | $c | Москва, город |
| | $z | 1-я пол. 19 в |
| | $2 | prlib_sh |
| | $3 | LIBNET\UAF\0000076655 |
| | $j | Документы и материалы |
| 606 | 1# | $a | Волонтерская деятельность |
| | $2 | nlr_sh |
| | $3 | RU\NLR\AUTH\661440346 |
| | $j | Документы и материалы |
| 686 | ## | $2 | rubbk |
| | $a | 58.9 |
| | $v | LBC/M |
| 686 | ## | $a | 60.561.7 |
| | $v | LBC/M |
| | $2 | rubbk |
| 686 | ## | $a | 63.3(2)521-76 |
| | $v | LBC/M |
| | $2 | rubbk |
| 605 | ## | $2 | acquisition_Prlib |
| | $3 | LIBNET\UAF\0000074784 |
| | $a | Год добровольца (волонтера) в России |
| | $l | коллекция |
| 605 | ## | $2 | acquisition_Prlib |
| | $3 | DITM\AF\0000003834 |
| | $a | Народ |
| | $l | коллекция |
| 605 | ## | $2 | acquisition_Prlib |
| | $3 | DITM\AF\0000002775 |
| | $a | Власть |
| | $l | коллекция |